| 000 | 01163cam a22003134a 4500 | ||
|---|---|---|---|
| 001 | 12393394 | ||
| 003 | NUST-PNEC | ||
| 005 | 20170116180737.0 | ||
| 008 | 010427s2001 caua 001 0 eng | ||
| 010 | _a 2001090453 | ||
| 020 | _a0782140084 | ||
| 040 |
_aDLC _cPNEC _dDLC |
||
| 042 | _apcc | ||
| 050 | 0 | 0 |
_aQA76.9.D3 _bR6445 2001 |
| 082 | 0 | 0 |
_a005.7565 ROB _221 |
| 100 | 1 | _aRobinson, Celeste. | |
| 245 | 1 | 0 |
_aMastering Access 2002 / _cCeleste Robinson, Alan Simpson. |
| 250 | _aPremium ed. | ||
| 260 |
_aSan Francisco : _bSybex , _cc2001. |
||
| 300 |
_axxxvii, 1185 p. : _bill. ; _c23 cm. |
||
| 500 | _aIncludes index. | ||
| 630 | 0 | 0 | _aMicrosoft Access. |
| 650 | 0 |
_aDatabase management. _xComputer, MIS |
|
| 700 | 1 |
_aSimpson, Alan, _d1953- |
|
| 856 | 4 | 2 |
_3Publisher description _uhttp://www.amazon.com/Mastering-Access-Premium-Celeste-Robinson/dp/0782140084/ref=sr_1_1?s=books&ie=UTF8&qid=1417075122&sr=1-1&keywords=0782140084 |
| 906 |
_a7 _bcbc _corignew _d2 _eepcn _f20 _gy-gencatlg |
||
| 942 |
_2ddc _cBK |
||
| 999 |
_c62009 _d62009 |
||